| 000 | 01228cam a22002771 4500 | ||
|---|---|---|---|
| 001 | sa 66004578 | ||
| 003 | DLC | ||
| 005 | 20260227112243.0 | ||
| 008 | 780519s1956 vm 000 0 eng | ||
| 010 | _asa 66004578 | ||
| 040 |
_aDLC _cDLC _dDLC |
||
| 043 | _aa-vt--- | ||
| 050 | 0 | 0 |
_aDS560.6 _b.V53 |
| 082 | 0 | 0 |
_a959.704 _219 |
| 245 | 0 | 0 | _aVietnam Fatherland Front and the struggle for national unity. |
| 260 |
_aHanoi, _bForeign Language Pub. House, _c1956. |
||
| 300 |
_a61 p. _c19 cm. |
||
| 500 | _aConsists of an excerpt from the report made by Hoang Quoc Viet at the Congress of the National United Front, Sept., 1955, an excerpt from the report delivered by Pham Van Dong at the Fifth Session of the National Assembly, Sept., 1955, and a speech made by Troung Chinh at the Congress for the Foundation of the Viet-Nam Fatherland Front, Sept., 1955. | ||
| 500 | _a"Programme and statutes of the National United Front": p. 16-26. | ||
| 610 | 2 | 0 | _aMặt trận tỏ̂ quó̂c Việt-Nam. |
| 651 | 0 |
_aVietnam (Democratic Republic) _xHistory. |
|
| 700 | 1 | _aHoàng, Quó̂c Việt. | |
| 700 | 1 |
_aPhạm, Văn Đò̂ng, _d1906-2000. |
|
| 700 | 0 | _aTrường Chinh. | |
| 710 | 2 | _aMặt trận tỏ̂ quó̂c Việt-Nam. | |
| 999 |
_c69500 _d69500 |
||